<?xml version="1.0" encoding="UTF-8"?>
<record
    xmlns:xsi="http://www.w3.org/2001/XMLSchema-instance"
    xsi:schemaLocation="http://www.loc.gov/MARC21/slim http://www.loc.gov/standards/marcxml/schema/MARC21slim.xsd"
    xmlns="http://www.loc.gov/MARC21/slim">

  <leader>00816nam a22002057a 4500</leader>
  <datafield tag="999" ind1=" " ind2=" ">
    <subfield code="c">56742</subfield>
    <subfield code="d">56742</subfield>
  </datafield>
  <controlfield tag="005">20210325202919.0</controlfield>
  <controlfield tag="008">      s2008                        eng d</controlfield>
  <datafield tag="020" ind1=" " ind2=" ">
    <subfield code="a">978974379056x</subfield>
  </datafield>
  <datafield tag="040" ind1=" " ind2=" ">
    <subfield code="a">NALT</subfield>
  </datafield>
  <datafield tag="041" ind1=" " ind2=" ">
    <subfield code="a">eng</subfield>
  </datafield>
  <datafield tag="050" ind1=" " ind2=" ">
    <subfield code="a">HF 1455 </subfield>
    <subfield code="b">T72 2008 v.25</subfield>
  </datafield>
  <datafield tag="245" ind1="1" ind2="0">
    <subfield code="a">Trade policy review of the USA : </subfield>
    <subfield code="b">the WTO secretariat report, volume two : 1999 (No.25) /</subfield>
    <subfield code="c">&#xE23;&#xE31;&#xE07;&#xE2A;&#xE23;&#xE23;&#xE04;&#xE4C; &#xE18;&#xE19;&#xE30;&#xE1E;&#xE23;&#xE1E;&#xE31;&#xE19;&#xE18;&#xE38;&#xE4C;, &#xE1A;&#xE23;&#xE23;&#xE13;&#xE32;&#xE18;&#xE34;&#xE01;&#xE32;&#xE23;.</subfield>
  </datafield>
  <datafield tag="260" ind1=" " ind2=" ">
    <subfield code="a">Bangkok : </subfield>
    <subfield code="b">Thammasat Printing House, </subfield>
    <subfield code="c">2008.</subfield>
  </datafield>
  <datafield tag="300" ind1=" " ind2=" ">
    <subfield code="a">568 p. :</subfield>
    <subfield code="b">tables ;</subfield>
    <subfield code="c">21 cm.</subfield>
  </datafield>
  <datafield tag="651" ind1=" " ind2="0">
    <subfield code="9">40155</subfield>
    <subfield code="a">United States</subfield>
    <subfield code="x">Commercial policy</subfield>
  </datafield>
  <datafield tag="700" ind1="0" ind2=" ">
    <subfield code="a">&#xE23;&#xE31;&#xE07;&#xE2A;&#xE23;&#xE23;&#xE04;&#xE4C; &#xE18;&#xE19;&#xE30;&#xE1E;&#xE23;&#xE1E;&#xE31;&#xE19;&#xE18;&#xE38;&#xE4C;</subfield>
    <subfield code="9">14812</subfield>
  </datafield>
  <datafield tag="850" ind1=" " ind2=" ">
    <subfield code="a">NALT</subfield>
  </datafield>
  <datafield tag="942" ind1=" " ind2=" ">
    <subfield code="c">GB</subfield>
    <subfield code="2">lcc</subfield>
  </datafield>
  <datafield tag="998" ind1=" " ind2=" ">
    <subfield code="j">109</subfield>
    <subfield code="k"> &#xE2D;&#xE32;&#xE23;&#xE35;&#xE23;&#xE31;&#xE15;&#xE19;&#xE4C; &#xE27;&#xE34;&#xE0A;&#xE32;&#xE0A;&#xE48;&#xE32;&#xE07;</subfield>
  </datafield>
  <datafield tag="952" ind1=" " ind2=" ">
    <subfield code="0">0</subfield>
    <subfield code="1">0</subfield>
    <subfield code="2">lcc</subfield>
    <subfield code="4">0</subfield>
    <subfield code="7">0</subfield>
    <subfield code="8">CGBL</subfield>
    <subfield code="a">NALT</subfield>
    <subfield code="b">NALT</subfield>
    <subfield code="e">&#xE1A;&#xE23;&#xE34;&#xE08;&#xE32;&#xE04;</subfield>
    <subfield code="l">0</subfield>
    <subfield code="o">HF 1455 T72 2008 v.25</subfield>
    <subfield code="p">3961174328</subfield>
    <subfield code="r">2017-06-09 00:00:00</subfield>
    <subfield code="w">2017-06-09</subfield>
    <subfield code="y">GB</subfield>
  </datafield>
</record>
